00585 2200229 4500001002100000005001700021008004100038035002400079082001000103090001700113100001300130245005600143250001100199260003200210300001900242500003100261650001400292850001500306980001300321985000600334999001500340YOGYA-0209000001389020090227022351.0 ind  0010-020900000013890 a321.8 a321.8bJun D aJUNIARTO aDemokrasi dan sistem pemerintahan NegaracJoeniarto aCet. 3 aJakartabRineka Ciptac1990 a143 hlmc21 cm aBibliografi : hlm. 141-143 aDemokrasi aYOPDYOG(B) a09-07-05 a1 a98P0112848